Marine Mammals (KHMER) / (Record no. 50389)
| 000 -LEADER | |
|---|---|
| fixed length control field | 00316nam a2200121 4500 |
| 020 ## - INTERNATIONAL STANDARD BOOK NUMBER | |
| International Standard Book Number | 9789924654773 |
| 100 ## - MAIN ENTRY--PERSONAL NAME | |
| Personal name | Ok, Van |
| 9 (RLIN) | 87087 |
| 245 ## - TITLE STATEMENT | |
| Title | Marine Mammals (KHMER) / |
| Statement of responsibility, etc | Van Ok |
| 260 ## - PUBLICATION, DISTRIBUTION, ETC. (IMPRINT) | |
| Place of publication, distribution, etc | Cambodia |
| Name of publisher, distributor, etc | Mind Books Publishing |
| Date of publication, distribution, etc | 2024 |
| 300 ## - PHYSICAL DESCRIPTION | |
| Extent | 31 p. |
| Other physical details | col. ill. |
| Dimensions | 20 cm. |
| 490 ## - SERIES STATEMENT | |
| Series statement | Mindkids:S-21 |
| 942 ## - ADDED ENTRY ELEMENTS (KOHA) | |
| Source of classification or shelving scheme | |
| Koha item type | Book |
| Withdrawn status | Lost status | Source of classification or shelving scheme | Damaged status | Not for loan | Collection code | Home library | Current library | Date acquired | Total Checkouts | Full call number | Barcode | Date last seen | Price effective from | Koha item type |
|---|---|---|---|---|---|---|---|---|---|---|---|---|---|---|
| Siem Riep | Asian Hope Primary Library | Asian Hope Primary Library | 04/09/2026 | KHMER 599 OK | 209927 | 04/09/2026 | 04/09/2026 | Book |